000 00444nam a2200157 i 4500
001 62997
003 ES-MaACL
005 20230906164750.0
007 t|
008 031127s1917 sp ||||1| spa d
100 1 _aFernández Vallejo, Paulino.
_950142
245 1 4 _aLas armonías inefables
_b: poesías /
_cPaulino Fernández Vallejo.
260 _aMadrid :
_b[M. García],
_c1917.
300 _a172 p. ;
_c18 cm.
852 _aES-MaACL
_jF-3516
999 _c62997
_d62997